Financiamiento de la universidad pública (Registro nro. 22990)

Detalles MARC
000 -LEADER
fixed length control field 00370 a2200121 4500
001 - CONTROL NUMBER
control field ART_5866
005 - DATE AND TIME OF LATEST TRANSACTION
control field 20260410161828.0
008 - FIXED-LENGTH DATA ELEMENTS--GENERAL INFORMATION
fixed length control field 260409a
100 1# - MAIN ENTRY--PERSONAL NAME
Personal name Di Gresia, Luciano Mario
245 10 - TITLE STATEMENT
Title Financiamiento de la universidad pública
700 1# - ADDED ENTRY--PERSONAL NAME
Personal name Porto, Alberto
773 0# - HOST ITEM ENTRY
Title Estudios Económicos
Related parts - Vol. 24, Nº 49 (jul./dic. 2007)
Record control number REV5080

No hay ítems disponibles.